| 000 | 00974nam a2200253 a 4500 | ||
|---|---|---|---|
| 001 | BRCA_1664 | ||
| 005 | 20190320203510.0 | ||
| 008 | 100408s2005----sp-a---###---#000-0#spa-# | ||
| 020 | _a8495610817 | ||
| 041 | _aspa | ||
| 044 | _asp | ||
| 050 | 4 |
_aND813.R5 _b.J6 2005 |
|
| 245 | 1 | 0 |
_aJosé de Ribera _bbajo el signo de Caravaggio, 1613-1633. |
| 260 |
_aBarcelona _bCaja Duero _c2005 |
||
| 300 |
_a142 p. _bil. (algunas a color), fotografías _c31 cm. |
||
| 500 | _aCatálogo de la exposición realizada en la Sala de Exposiciones San Eloy (Salamanca, España), abril-junio, 2005 | ||
| 500 | _aIncluye piezas de la colección Franz Mayer: p. 48-49 | ||
| 504 | _aBibliografía: p. 135-142 | ||
| 600 | 1 | 4 |
_aRibera, José de _d1591-1652 _vCatálogos _95185 |
| 600 | 1 | 4 |
_aCaravaggio, Michelangelo Merisi da _d1571-1610 _xCrítica e interpretación _95186 |
| 650 | 1 | 4 |
_aPintores y grabadores _ySiglo XVI-XVII _zEspaña _95187 |
| 650 | 1 | 4 |
_aBarroco _zEspaña _95188 |
| 942 |
_2lcc _cB |
||
| 999 |
_c1460 _d1460 |
||